Vài nét về tập quán truyền thống trong cưới xin của người Tày Mường ở huyện Con Cuông, tỉnh Nghệ An (Qua tư liệu điền dã tại bản Yên Thành, xã Lục Dạ) /
সংরক্ষণ করুন:
| প্রধান লেখক: | |
|---|---|
| বিন্যাস: | প্রবন্ধ |
| ভাষা: | Vietnamese |
| বিষয়গুলি: | |
| ট্যাগগুলো: |
ট্যাগ যুক্ত করুন
কোনো ট্যাগ নেই, প্রথমজন হিসাবে ট্যাগ করুন!
|
| Thư viện lưu trữ: | Thư viện Trường Đại học Đà Lạt |
|---|
| LEADER | 01050nam a2200313 4500 | ||
|---|---|---|---|
| 001 | DLU090066030 | ||
| 005 | ##20090420 | ||
| 040 | # | # | |a DLU |b vie |
| 041 | # | # | |a vie |
| 044 | # | # | |a vn |
| 100 | # | # | |a Lê Hải Đăng. |
| 245 | # | # | |a Vài nét về tập quán truyền thống trong cưới xin của người Tày Mường ở huyện Con Cuông, tỉnh Nghệ An (Qua tư liệu điền dã tại bản Yên Thành, xã Lục Dạ) / |c Lê Hải Đăng. |
| 653 | # | # | |a Điều tra điền dã |
| 653 | # | # | |a Con Cuông, Nghệ An |
| 653 | # | # | |a Dân tộc Thái |
| 653 | # | # | |a Dân tộc thiểu số |
| 653 | # | # | |a Hôn lễ |
| 653 | # | # | |a Văn hoá cổ truyền |
| 653 | # | # | |a Văn hoá tộc người |
| 773 | # | # | |t Dân tộc học |g Số 6(156), 2008, tr. 39-48 |
| 920 | # | # | |a Phòng Tạp chí -- Trung tâm Thông tin - Thư viện Trường Đại học Đà Lạt |
| 994 | # | # | |a DLU |
| 900 | # | # | |a True |
| 911 | # | # | |a Nguyễn Thanh Hương |
| 925 | # | # | |a G |
| 926 | # | # | |a A |
| 927 | # | # | |a BB |
| 980 | # | # | |a Thư viện Trường Đại học Đà Lạt |